[Event "CHN-chT (Women)"]
[Site "Qingdao"]
[Date "2024.04.08"]
[Round "7.2"]
[White "Zhou, Shumeng"]
[Black "Zhang, Lanlin"]
[Result "1/2-1/2"]
[WhiteElo "1800"]
[BlackElo "2259"]
[PlyCount "70"]
[EventDate "2024.04.02"]
[EventType "team-swiss"]
[EventRounds "9"]
[EventCountry "CHN"]
[SourceTitle "CB16_2024"]
[SourceDate "2024.04.17"]
[SourceVersion "1"]
[SourceVersionDate "2024.04.17"]
[SourceQuality "1"]
[WhiteTeam "Shanghai (W)"]
[BlackTeam "Chongqing (W)"]
[WhiteTeamCountry "CHN"]
[BlackTeamCountry "CHN"]

1. e4 e5 2. Nf3 Nc6 3. g3 Nf6 4. d3 Bc5 5. Bg2 d6 6. 0-0 h6 7. c3 Bb6 8. a4 0-0 9. Na3 Be6 10. Qe2 a6 11. Nc4 Ba7 12. Be3 Bb8 13. Bd2 Re8 14. Ne3 Ba7 15. Nh4 d5 16. Nef5 Qd7 17. Rfd1 Rad8 18. Be3 Bxe3 19. Nxe3 d4 20. Nc4 b5 21. axb5 axb5 22. Na5 Nxa5 23. Rxa5 Bb3 24. Rc1 Be6 25. cxd4 Qxd4 26. Rxb5 Qxd3 27. Qxd3 Rxd3 28. h3 Red8 29. Rxe5 Rd2 30. Rb5 Rd1+ 31. Rxd1 Rxd1+ 32. Kh2 Rd2 33. Kg1 Rd1+ 34. Kh2 Rd2 35. Kg1 Rd1+ 1/2-1/2

[Event "CHN-chT (Women)"]
[Site "Qingdao"]
[Date "2024.04.03"]
[Round "2.2"]
[White "Zhao, Shengxin"]
[Black "Zhang, Lanlin"]
[Result "1-0"]
[WhiteElo "2123"]
[BlackElo "2259"]
[PlyCount "85"]
[EventDate "2024.04.02"]
[EventType "team-swiss"]
[EventRounds "9"]
[EventCountry "CHN"]
[SourceTitle "CB16_2024"]
[SourceDate "2024.04.17"]
[SourceVersion "1"]
[SourceVersionDate "2024.04.17"]
[SourceQuality "1"]
[WhiteTeam "Hangzhou (W)"]
[BlackTeam "Chongqing (W)"]
[WhiteTeamCountry "CHN"]
[BlackTeamCountry "CHN"]

1. d4 d5 2. Nf3 Nf6 3. e3 e6 4. c4 Be7 5. Nc3 0-0 6. Bd3 b6 7. cxd5 exd5 8. 0-0 Bb7 9. b3 Nbd7 10. Bb2 c5 11. Rc1 g6 12. dxc5 bxc5 13. Na4 Rc8 14. Qe2 Qa5 15. Bc3 Qc7 16. Ba6 Ne4 17. Bb2 c4 18. Bxb7 Qxb7 19. Nd4 cxb3 20. axb3 Ndc5 21. Nxc5 Nxc5 22. Ba3 Ne4 23. Bxe7 Qxe7 24. Qa6 Qd7 25. b4 Rxc1 26. Rxc1 Rb8 27. b5 Nd6 28. Rc6 Nf5 29. Nxf5 Qxf5 30. Rc1 Qd3 31. Qxa7 Qxb5 32. h3 Qb4 33. Qc7 Ra8 34. Qc6 Rd8 35. Rd1 h5 36. Qf6 Rd6 37. Qe7 Kg7 38. Ra1 Qb2 39. Ra8 Rb6 40. Qf8+ Kf6 41. Qd8+ Ke6 42. Ra7 f6 43. Re7+ 1-0

[Event "CHN-chT (Women)"]
[Site "Qingdao"]
[Date "2024.04.02"]
[Round "1.2"]
[White "Zhang, Lanlin"]
[Black "Ding, Shirui"]
[Result "1-0"]
[WhiteElo "2259"]
[BlackElo "1749"]
[PlyCount "75"]
[EventDate "2024.04.02"]
[EventType "team-swiss"]
[EventRounds "9"]
[EventCountry "CHN"]
[SourceTitle "CB16_2024"]
[SourceDate "2024.04.17"]
[SourceVersion "1"]
[SourceVersionDate "2024.04.17"]
[SourceQuality "1"]
[WhiteTeam "Chongqing (W)"]
[BlackTeam "Zhejiang (W)"]
[WhiteTeamCountry "CHN"]
[BlackTeamCountry "CHN"]

1. e4 c5 2. Nf3 d6 3. d4 cxd4 4. Nxd4 Nf6 5. Nc3 a6 6. a4 e5 7. Nf3 Qc7 8. g3 h6 9. Bg2 Be6 10. 0-0 Nbd7 11. Nh4 Nb6 12. Re1 Rc8 13. Qd3 Qc5 14. Be3 Qb4 15. a5 Qxb2 16. Bd2 Bc4 17. Qe3 Nbd7 18. Reb1 Qxc2 19. Rxb7 Ng4 20. Qe1 Nc5 21. Rb6 Nd3 22. Qd1 Qxd1+ 23. Nxd1 Nc5 24. Rc1 Be6 25. Bb4 Ra8 26. Bf1 Be7 27. Bxc5 dxc5 28. Rxa6 0-0 29. Ng6 fxg6 30. Rxe6 Bg5 31. Ra1 Bd2 32. a6 Nxf2 33. Nxf2 Be3 34. Ra2 Rxf2 35. Rxf2 Rf8 36. Bc4 Kh7 37. Kh1 Bxf2 38. a7 1-0

[Event "Biel HTO 56th"]
[Site "Biel"]
[Date "2023.07.17"]
[Round "1"]
[White "Zhang, Lanlin"]
[Black "Chasin, Nico Werner"]
[Result "0-1"]
[WhiteElo "2194"]
[BlackElo "2455"]
[PlyCount "126"]
[EventDate "2023.07.17"]
[EventType "swiss"]
[EventRounds "10"]
[EventCountry "SUI"]
[SourceTitle "CBM 215 Extra"]
[Source "ChessBase"]
[SourceDate "2023.09.30"]
[SourceVersion "1"]
[SourceVersionDate "2023.09.30"]
[SourceQuality "1"]

1. e4 c5 2. Nf3 e6 3. d4 cxd4 4. Nxd4 Nc6 5. Nc3 Qc7 6. Be3 a6 7. g4 b5 8. Nxc6 Qxc6 9. a3 Bb7 10. Qd4 Nf6 11. f3 Rc8 12. Be2 Bc5 13. Qd3 d5 14. exd5 Nxd5 15. Nxd5 Qxd5 16. Qxd5 Bxd5 17. Bxc5 Rxc5 18. 0-0-0 Ke7 19. Rhf1 h5 20. gxh5 Rxh5 21. Rf2 Rh4 22. Kd2 Bc6 23. Rg1 Rd5+ 24. Bd3 Kf6 25. Rg4 Rh3 26. Rg3 Rh8 27. Ke3 Rdh5 28. Rgg2 Rh3 29. c4 bxc4 30. Bxc4 a5 31. Bd3 R8h4 32. Kd2 g6 33. Be2 e5 34. Ke1 Kf5 35. Kf1 Kf4 36. Rg4+ Ke3 37. Kg1 Bd7 38. Rxh4 Rxh4 39. Bf1 f6 40. Re2+ Kxf3 41. Rf2+ Ke3 42. Rxf6 Bf5 43. h3 Bxh3 44. Bxh3 Rxh3 45. Rxg6 e4 46. b4 a4 47. b5 Kf4 48. b6 Rxa3 49. b7 Rb3 50. Rf6+ Ke3 51. Ra6 Rxb7 52. Rxa4 Kf3 53. Ra8 e3 54. Rf8+ Ke2 55. Ra8 Rg7+ 56. Kh2 Kf2 57. Rf8+ Ke1 58. Rd8 Rg5 59. Rd7 e2 60. Rd8 Kf2 61. Rf8+ Ke3 62. Re8+ Kf3 63. Re7 Rg4 0-1

[Event "CHN-chT DivA"]
[Site "Fuling"]
[Date "2023.06.10"]
[Round "5.1"]
[White "Zhang, Lanlin"]
[Black "Wang, Chuqiao"]
[Result "1-0"]
[WhiteElo "2156"]
[BlackElo "2061"]
[PlyCount "97"]
[EventDate "2023.06.05"]
[EventType "team-tourn"]
[EventRounds "11"]
[EventCountry "CHN"]
[SourceTitle "CBM 214 Extra"]
[Source "ChessBase"]
[SourceDate "2023.07.31"]
[SourceVersion "1"]
[SourceVersionDate "2023.07.31"]
[SourceQuality "1"]
[WhiteTeam "Chongqing Jiulongpo"]
[BlackTeam "Chongqing Sports Lottery"]
[WhiteTeamCountry "CHN"]
[BlackTeamCountry "CHN"]

1. e4 e5 2. Nf3 Nc6 3. Bb5 a6 4. Ba4 Nf6 5. 0-0 Be7 6. Re1 b5 7. Bb3 0-0 8. c3 d6 9. h3 Bb7 10. d4 Re8 11. Nbd2 Bf8 12. a3 h6 13. Bc2 Nb8 14. b3 Nbd7 15. Bb2 g6 16. a4 Bg7 17. Bd3 c6 18. Qc2 Qc7 19. dxe5 dxe5 20. b4 Bf8 21. c4 bxa4 22. Bc3 c5 23. b5 axb5 24. cxb5 Nb6 25. Nc4 Nxc4 26. Bxc4 Bd6 27. Nd2 Nd7 28. Bf1 Nb6 29. Nc4 Nxc4 30. Bxc4 Qe7 31. Rxa4 Bc7 32. Re3 Kg7 33. Bb2 Red8 34. Rxa8 Bxa8 35. Bc3 f6 36. Re1 Bb7 37. Bd2 Rd4 38. Be3 Rd8 39. Bb3 Bb6 40. Rc1 Rc8 41. Qc4 Qd7 42. f3 h5 43. Rd1 Qe7 44. Qe6 Qxe6 45. Bxe6 Rc7 46. Rd6 Ba5 47. b6 Rc6 48. Rd7+ Kh8 49. Bd5 1-0

[Event "CHN-chT (Women)"]
[Site "Hangzhou"]
[Date "2023.05.21"]
[Round "3.1"]
[White "Zhang, Lanlin"]
[Black "Zhai, Mo"]
[Result "1/2-1/2"]
[WhiteElo "2160"]
[BlackElo "2354"]
[PlyCount "71"]
[EventDate "2023.05.19"]
[EventType "team-swiss"]
[EventRounds "9"]
[EventCountry "CHN"]
[SourceTitle "CBM 214 Extra"]
[Source "ChessBase"]
[SourceDate "2023.07.31"]
[SourceVersion "1"]
[SourceVersionDate "2023.07.31"]
[SourceQuality "1"]
[WhiteTeam "Hainan (W)"]
[BlackTeam "Hebei (W)"]
[WhiteTeamCountry "CHN"]
[BlackTeamCountry "CHN"]

1. e4 e5 2. Nf3 Nc6 3. Bc4 Bc5 4. c3 Nf6 5. d3 d6 6. 0-0 a5 7. h3 0-0 8. Re1 Re8 9. Nbd2 Be6 10. Bb5 Bd7 11. Ba4 Qb8 12. Nh4 b5 13. Bc2 a4 14. a3 Qd8 15. Nhf3 Bb6 16. Nf1 Ne7 17. Ng3 Ng6 18. d4 c5 19. dxe5 dxe5 20. Bg5 Be6 21. Qxd8 Bxd8 22. Rad1 h6 23. Be3 Nd7 24. Nf5 Bc7 25. Rd2 Nb6 26. Bxc5 Nc4 27. Rdd1 Nxb2 28. Rb1 Nc4 29. Rxb5 Ba5 30. Bb4 Bxb4 31. Rxb4 Nxa3 32. Bxa4 Rec8 33. Bb3 Rxc3 34. Bxe6 fxe6 35. Ne3 Rxe3 36. Rxe3 1/2-1/2

[Event "CHN-chT (Women)"]
[Site "Hangzhou"]
[Date "2023.05.19"]
[Round "1.1"]
[White "Zhang, Lanlin"]
[Black "Li, Xueyi"]
[Result "1-0"]
[WhiteElo "2160"]
[BlackElo "2276"]
[PlyCount "71"]
[EventDate "2023.05.19"]
[EventType "team-swiss"]
[EventRounds "9"]
[EventCountry "CHN"]
[SourceTitle "CBM 214 Extra"]
[Source "ChessBase"]
[SourceDate "2023.07.31"]
[SourceVersion "1"]
[SourceVersionDate "2023.07.31"]
[SourceQuality "1"]
[WhiteTeam "Hainan (W)"]
[BlackTeam "Shenzhen (W)"]
[WhiteTeamCountry "CHN"]
[BlackTeamCountry "CHN"]

1. e4 c6 2. d4 d5 3. Nc3 dxe4 4. Nxe4 Nf6 5. Nxf6+ exf6 6. c3 Bd6 7. Bd3 0-0 8. Qc2 Re8+ 9. Ne2 h5 10. Be3 Nd7 11. 0-0-0 Nf8 12. h3 Be6 13. g4 h4 14. Rhg1 g6 15. Nf4 Bxf4 16. Bxf4 b5 17. Bh6 Qd6 18. f4 Bxa2 19. Qf2 Bb3 20. Rde1 Nh7 21. Rxe8+ Rxe8 22. Kd2 Rd8 23. Re1 c5 24. Bxb5 cxd4 25. Re8+ Rxe8 26. Bxe8 Qb8 27. Bc6 dxc3+ 28. Kxc3 Bd1 29. b4 Qc7 30. Qc5 g5 31. Be4 Qb8 32. Qf5 Nf8 33. Qxf6 Ne6 34. Qf5 Qc7+ 35. Kb2 Nf8 36. Qxg5+ 1-0

[Event "CHN-ch (Women)"]
[Site "Xinghua"]
[Date "2023.05.15"]
[Round "10"]
[White "Zhang, Lanlin"]
[Black "Yuan, Ye"]
[Result "1/2-1/2"]
[WhiteElo "2160"]
[BlackElo "2171"]
[PlyCount "99"]
[EventDate "2023.05.06"]
[EventType "tourn"]
[EventRounds "11"]
[EventCountry "CHN"]
[SourceTitle "CBM 215 Extra"]
[Source "ChessBase"]
[SourceDate "2023.09.30"]
[SourceVersion "1"]
[SourceVersionDate "2023.09.30"]
[SourceQuality "1"]

1. e4 e6 2. d4 d5 3. e5 c5 4. c3 Nc6 5. Nf3 Qb6 6. Bd3 cxd4 7. 0-0 Bd7 8. h4 Nh6 9. h5 a6 10. a3 dxc3 11. Nxc3 Ng4 12. Bf4 g6 13. b4 gxh5 14. b5 Nd4 15. bxa6 bxa6 16. Rb1 Qc5 17. Nxd4 Qxd4 18. Ne2 Qa7 19. Ng3 Bc5 20. Qf3 Nxf2 21. Rxf2 Bxf2+ 22. Qxf2 Qxf2+ 23. Kxf2 Bb5 24. Bxb5+ axb5 25. Nxh5 Kd7 26. Rxb5 Rhb8 27. Rc5 Rc8 28. Nf6+ Kd8 29. Rxc8+ Kxc8 30. Bc1 Ra4 31. Nxh7 Re4 32. Ng5 Rxe5 33. g4 Rxg5 34. Bxg5 f5 35. gxf5 exf5 36. Ke3 f4+ 37. Bxf4 d4+ 38. Kxd4 Kb7 39. Kc5 Ka8 40. Kb5 Kb7 41. Be3 Ka8 42. Kc6 Kb8 43. Bb6 Ka8 44. Bc7 Ka7 45. Bd6 Ka8 46. Kc7 Ka7 47. Kc8 Ka8 48. a4 Ka7 49. a5 Ka8 50. Bc5 1/2-1/2

[Event "CHN-ch (Women)"]
[Site "Xinghua"]
[Date "2023.05.13"]
[Round "8"]
[White "Zhang, Lanlin"]
[Black "Zhang, Xiao"]
[Result "0-1"]
[WhiteElo "2160"]
[BlackElo "2108"]
[PlyCount "44"]
[EventDate "2023.05.06"]
[EventType "tourn"]
[EventRounds "11"]
[EventCountry "CHN"]
[SourceTitle "CBM 215 Extra"]
[Source "ChessBase"]
[SourceDate "2023.09.30"]
[SourceVersion "1"]
[SourceVersionDate "2023.09.30"]
[SourceQuality "1"]

1. e4 c6 2. c4 d5 3. e5 d4 4. f4 g6 5. Nf3 h5 6. Bd3 Nh6 7. Ng5 Bf5 8. Bxf5 Nxf5 9. e6 fxe6 10. Qe2 Qd6 11. Nxe6 Kd7 12. Ng5 Qxf4 13. Qe6+ Kc7 14. Nf7 Rh7 15. Rf1 Qh4+ 16. g3 Qf6 17. Ng5 Qxg5 18. Qg8 Qh6 19. Na3 Nd7 20. d3 Ne3 21. Qe6 Qg7 22. b4 Qe5 0-1

[Event "CHN-ch (Women)"]
[Site "Xinghua"]
[Date "2023.05.11"]
[Round "6"]
[White "Zhang, Lanlin"]
[Black "Li, Xueyi"]
[Result "1/2-1/2"]
[WhiteElo "2160"]
[BlackElo "2276"]
[PlyCount "60"]
[EventDate "2023.05.06"]
[EventType "tourn"]
[EventRounds "11"]
[EventCountry "CHN"]
[SourceTitle "CBM 215 Extra"]
[Source "ChessBase"]
[SourceDate "2023.09.30"]
[SourceVersion "1"]
[SourceVersionDate "2023.09.30"]
[SourceQuality "1"]

1. e4 c6 2. d4 d5 3. Nc3 dxe4 4. Nxe4 Nf6 5. Nxf6+ exf6 6. c3 Bd6 7. Bd3 0-0 8. Qc2 Re8+ 9. Ne2 h5 10. Be3 Na6 11. 0-0-0 Nc7 12. Nf4 Nd5 13. Nxd5 cxd5 14. h4 Bd7 15. Be2 b5 16. Kb1 b4 17. cxb4 Bxb4 18. Bxh5 Qb6 19. Be2 Rab8 20. Qd3 Qd6 21. Rc1 Ba3 22. Rc2 Bb5 23. Qxa3 Qxa3 24. bxa3 Bxe2+ 25. Rb2 Bd3+ 26. Ka1 Rxb2 27. Kxb2 Rb8+ 28. Kc3 Bc4 29. Ra1 a6 30. g3 Rc8 1/2-1/2

[Event "CHN-ch (Women)"]
[Site "Xinghua"]
[Date "2023.05.09"]
[Round "4"]
[White "Xiao, Yiyi"]
[Black "Zhang, Lanlin"]
[Result "1/2-1/2"]
[WhiteElo "2394"]
[BlackElo "2160"]
[PlyCount "181"]
[EventDate "2023.05.06"]
[EventType "tourn"]
[EventRounds "11"]
[EventCountry "CHN"]
[SourceTitle "CBM 215 Extra"]
[Source "ChessBase"]
[SourceDate "2023.09.30"]
[SourceVersion "1"]
[SourceVersionDate "2023.09.30"]
[SourceQuality "1"]

1. d4 d5 2. Nf3 Nf6 3. c3 e6 4. Bg5 Be7 5. Nbd2 Nbd7 6. e3 c5 7. Bd3 b6 8. 0-0 Bb7 9. Ne5 Nxe5 10. dxe5 Nd7 11. Bxe7 Qxe7 12. f4 h5 13. Nf3 Rh6 14. Qe2 f6 15. exf6 gxf6 16. e4 c4 17. Bc2 Qc5+ 18. Kh1 0-0-0 19. Nd4 Rg8 20. Nxe6 Qe7 21. Nd4 Rhg6 22. e5 Rxg2 23. Qxg2 Rxg2 24. Kxg2 Nc5 25. Bf5+ Kc7 26. Rae1 Ne4 27. e6 a6 28. Rg1 b5 29. a3 Kb6 30. Kf3 a5 31. Ke3 b4 32. axb4 axb4 33. Bxe4 dxe4 34. Ra1 f5 35. Rg5 bxc3 36. bxc3 Bc6 37. Rb1+ Kc7 38. Rxf5 Qa3 39. Ne2 Qa7+ 40. Nd4 Qa3 41. Nb5+ Bxb5 42. Rfxb5 Qxc3+ 43. Kxe4 Kd6 44. Rd5+ Kxe6 45. Rb6+ Ke7 46. Rb7+ Ke6 47. f5+ Kf6 48. Rb6+ Kf7 49. Rd7+ Ke8 50. Rbd6 Qc2+ 51. Ke5 Qc3+ 52. Kf4 Qc1+ 53. Kf3 Qc3+ 54. Ke4 Qc2+ 55. Ke5 Qc3+ 56. Kd5 Qf3+ 57. Ke6 Qe3+ 58. Kf6 Qh6+ 59. Ke5 Qe3+ 60. Kd5 Qf3+ 61. Kxc4 Qxf5 62. Rd8+ Ke7 63. Rd2 Qe4+ 64. R8d4 Qc6+ 65. Kd3 Qf3+ 66. Kc2 Qc6+ 67. Kb3 Qb6+ 68. Kc3 Qc5+ 69. Kd3 Qb5+ 70. Ke3 Qg5+ 71. Kd3 Qb5+ 72. Ke4 Qc6+ 73. Ke3 Qc3+ 74. Kf2 Qc5 75. Kf3 Qc6+ 76. Re4+ Kf6 77. Ke3 Qc3+ 78. Ke2 Kf5 79. Re3 Qc4+ 80. Kf2 Qc5 81. Kf3 Qc6+ 82. Kg3 Qc7+ 83. Kg2 Qc6+ 84. Kh3 Kf4 85. Rde2 Qd7+ 86. Kg2 Qd5+ 87. Kh3 Qf5+ 88. Kg2 Qd5+ 89. Kh3 Qf5+ 90. Kg2 Qd5+ 91. Kh3 1/2-1/2

[Event "China zt 3.5 (Women)"]
[Site "Shenzhen"]
[Date "2023.04.08"]
[Round "4"]
[White "Xu, Yuze"]
[Black "Zhang, Lanlin"]
[Result "1/2-1/2"]
[WhiteElo "2003"]
[BlackElo "2205"]
[PlyCount "87"]
[EventDate "2023.04.05"]
[EventType "swiss"]
[EventRounds "9"]
[EventCountry "CHN"]
[SourceTitle "CBM 213 Extra"]
[Source "ChessBase"]
[SourceDate "2023.05.31"]
[SourceVersion "1"]
[SourceVersionDate "2023.05.31"]
[SourceQuality "1"]

1. e4 c5 2. c3 d5 3. exd5 Qxd5 4. d4 Nc6 5. Nf3 Nf6 6. Be3 Bg4 7. Be2 e6 8. 0-0 cxd4 9. Nxd4 Bxe2 10. Qxe2 Nxd4 11. Bxd4 Be7 12. Nd2 0-0 13. Rfd1 Qc6 14. Qc4 Rfd8 15. Qxc6 bxc6 16. Bxf6 Bxf6 17. Ne4 Be7 18. f3 e5 19. Kf1 f6 20. Ke2 Kf7 21. Nd2 Ke6 22. Nc4 Rdb8 23. b4 c5 24. a3 h5 25. Rab1 cxb4 26. cxb4 Rc8 27. Rbc1 Rc7 28. Rc2 f5 29. Rdc1 Rac8 30. Ne3 Rxc2+ 31. Rxc2 Rxc2+ 32. Nxc2 f4 33. Kd3 Kd5 34. Na1 g5 35. h3 g4 36. hxg4 hxg4 37. Nb3 gxf3 38. gxf3 Bd8 39. Nd2 Bb6 40. Ne4 Bd4 41. Nf6+ Ke6 42. Ne4 Kd5 43. Nd2 Be3 44. Ne4 1/2-1/2

[Event "China zt 3.5 (Women)"]
[Site "Shenzhen"]
[Date "2023.04.07"]
[Round "3"]
[White "Zhang, Lanlin"]
[Black "Wang, Shanshan"]
[Result "1/2-1/2"]
[WhiteElo "2205"]
[BlackElo "2043"]
[PlyCount "75"]
[EventDate "2023.04.05"]
[EventType "swiss"]
[EventRounds "9"]
[EventCountry "CHN"]
[SourceTitle "CBM 213 Extra"]
[Source "ChessBase"]
[SourceDate "2023.05.31"]
[SourceVersion "1"]
[SourceVersionDate "2023.05.31"]
[SourceQuality "1"]

1. e4 c5 2. Nf3 d6 3. d4 cxd4 4. Nxd4 Nf6 5. Nc3 g6 6. Be3 Nc6 7. Nb3 Bg7 8. Be2 0-0 9. 0-0 Be6 10. f4 Na5 11. Nd2 Qc8 12. h3 Nc4 13. Nxc4 Bxc4 14. Bd4 Bxe2 15. Qxe2 e5 16. fxe5 dxe5 17. Be3 Nh5 18. Qf2 b6 19. Qf3 h6 20. Rfd1 Nf4 21. Rac1 Kh7 22. Nd5 f5 23. Nxf4 exf4 24. Bxf4 Bxb2 25. Rb1 fxe4 26. Qxe4 Bg7 27. Rd6 Qf5 28. Qxf5 Rxf5 29. Bg3 Raf8 30. c4 R8f7 31. Rd5 g5 32. Rbd1 Rxd5 33. cxd5 Rd7 34. d6 Bf8 35. Rc1 Bxd6 36. Bxd6 Rxd6 37. Rc7+ Kg6 38. Rxa7 1/2-1/2

[Event "China zt 3.5 (Women)"]
[Site "Shenzhen"]
[Date "2023.04.05"]
[Round "1"]
[White "Zhang, Lanlin"]
[Black "Cai, Youyang"]
[Result "1/2-1/2"]
[WhiteElo "2205"]
[BlackElo "1968"]
[PlyCount "75"]
[EventDate "2023.04.05"]
[EventType "swiss"]
[EventRounds "9"]
[EventCountry "CHN"]
[SourceTitle "CBM 213 Extra"]
[Source "ChessBase"]
[SourceDate "2023.05.31"]
[SourceVersion "1"]
[SourceVersionDate "2023.05.31"]
[SourceQuality "1"]

1. e4 c5 2. Nf3 Nc6 3. Bb5 e5 4. 0-0 Bd6 5. c3 a6 6. Bc4 b5 7. Bd5 Nge7 8. d4 cxd4 9. Ng5 Nxd5 10. exd5 Ne7 11. cxd4 exd4 12. Qh5 Ng6 13. Nxh7 Be5 14. f4 Qh4 15. Qxh4 Nxh4 16. Ng5 Bc7 17. Nd2 Bb7 18. Ndf3 Bxd5 19. Bd2 Nxf3+ 20. Nxf3 0-0 21. Nxd4 Bb6 22. Be3 Rfe8 23. Bf2 Bxd4 24. Bxd4 Re2 25. Rf2 Rxf2 26. Kxf2 Rc8 27. Ke3 Rc2 28. g4 Rxh2 29. Bc3 Rg2 30. g5 b4 31. Bxb4 Rxb2 32. a3 Bc6 33. Kd4 Rf2 34. Ke5 Re2+ 35. Kd6 Rf2 36. Ke5 Re2+ 37. Kd6 Rf2 38. Ke5 1/2-1/2

[Event "Shenzhen op (Women)"]
[Site "Shenzhen"]
[Date "2023.03.30"]
[Round "1.2"]
[White "Zhang, Lanlin"]
[Black "Ning, Kaiyu"]
[Result "0-1"]
[WhiteElo "2205"]
[BlackElo "2349"]
[PlyCount "59"]
[EventDate "2023.03.30"]
[EventType "k.o. (rapid)"]
[EventRounds "4"]
[EventCountry "CHN"]
[SourceTitle "CBM 213 Extra"]
[Source "ChessBase"]
[SourceDate "2023.05.31"]
[SourceVersion "1"]
[SourceVersionDate "2023.05.31"]
[SourceQuality "1"]

1. e4 c5 2. Nf3 d6 3. d4 cxd4 4. Nxd4 Nf6 5. Nc3 a6 6. h3 e5 7. Nde2 Be7 8. g4 b5 9. Bg2 Bb7 10. Ng3 b4 11. Nd5 Nxd5 12. exd5 g6 13. Bh6 Bg5 14. Bxg5 Qxg5 15. Ne4 Qe7 16. Qd2 a5 17. Qh6 Na6 18. Qg7 0-0-0 19. Qf6 Qc7 20. 0-0 Bxd5 21. a3 Bc4 22. Rfd1 d5 23. Nd2 Bb5 24. c4 bxc3 25. bxc3 Nc5 26. Rab1 Ba4 27. Re1 Rhe8 28. c4 Re6 29. Qf3 e4 30. Qe2 0-1

[Event "Asia/Oceania Uni-ch (Women)"]
[Site "Tornelo INT"]
[Date "2022.12.19"]
[Round "4"]
[White "Khaliun, Batnasan"]
[Black "Zhang, Lanlin"]
[Result "0-1"]
[WhiteElo "1849"]
[BlackElo "2217"]
[PlyCount "82"]
[EventDate "2022.12.18"]
[EventType "swiss (rapid)"]
[EventRounds "9"]
[EventCountry "NET"]
[SourceTitle "EXT 2024"]
[Source "ChessBase"]
[SourceDate "2023.10.10"]
[SourceVersion "1"]
[SourceVersionDate "2023.10.10"]
[SourceQuality "1"]

1. d4 Nf6 2. c4 e6 3. g3 Bb4+ 4. Bd2 a5 5. Nf3 0-0 6. Bg2 d5 7. 0-0 dxc4 8. Bc3 b5 9. a3 Be7 10. Ne5 Ra7 11. b3 cxb3 12. Qxb3 Bd7 13. Nd2 Be8 14. Rac1 Nd5 15. Bb2 c6 16. e4 Nb6 17. Ndf3 Na4 18. Ba1 Kh8 19. Rfd1 f6 20. Nd3 Bf7 21. e5 f5 22. Nc5 Nxc5 23. dxc5 Qc8 24. Nd4 Ra6 25. Qf3 h6 26. Rd2 Bg5 27. Rcd1 Bxd2 28. Rxd2 Rd8 29. h4 b4 30. a4 Rd5 31. Qd3 Rd8 32. Qc4 Ra7 33. Rc2 Rb7 34. Bb2 b3 35. Nxb3 Rb4 36. Qc3 Qc7 37. Nd2 f4 38. Nc4 Bg6 39. Rc1 Rd3 40. Qe1 Qd8 41. Nd6 Rxb2 0-1

[Event "Asia/Oceania Uni-ch (Women)"]
[Site "Tornelo INT"]
[Date "2022.12.18"]
[Round "3"]
[White "Zhang, Lanlin"]
[Black "Mohana, Praba RB"]
[Result "1-0"]
[WhiteElo "2217"]
[BlackElo "1364"]
[PlyCount "83"]
[EventDate "2022.12.18"]
[EventType "swiss (rapid)"]
[EventRounds "9"]
[EventCountry "NET"]
[SourceTitle "EXT 2024"]
[Source "ChessBase"]
[SourceDate "2023.10.10"]
[SourceVersion "1"]
[SourceVersionDate "2023.10.10"]
[SourceQuality "1"]

1. e4 c5 2. Nf3 e6 3. d4 cxd4 4. Nxd4 a6 5. Nc3 Qc7 6. Be3 d6 7. g3 Nd7 8. Bg2 Ngf6 9. 0-0 Be7 10. a4 0-0 11. Nb3 Ne5 12. Qe2 Nc4 13. Bc1 Bd7 14. h3 Rac8 15. Kh2 b5 16. axb5 axb5 17. f4 Rfe8 18. Nd1 g6 19. c3 Bc6 20. Nd4 e5 21. Nxc6 Qxc6 22. Ne3 Ra8 23. Rxa8 Rxa8 24. Nd5 Nxd5 25. exd5 Qc7 26. b3 Nb6 27. fxe5 dxe5 28. d6 Bxd6 29. Bxa8 Nxa8 30. Qxb5 Kg7 31. Bg5 f5 32. Ra1 Nb6 33. Be3 Qxc3 34. Ra7+ Kf6 35. Qxb6 Ke6 36. Ra6 Qd3 37. b4 f4 38. gxf4 exf4 39. Qxd6+ Qxd6 40. Rxd6+ Kxd6 41. Bxf4+ Kc6 42. Kg3 1-0